000 00383nam a2200157 4500
001 42317
090 _a42317
100 _a20231120 pory50
101 _apor
102 _aPT
200 _aJudo Regras de competição
_fFederação Portuguesa de Judo
210 _cFederação Portuguesa de Judo
_d1979
215 _a48 p.
_cil.
675 _a796.85
801 _aPT
_gRPC
990 _cLIVROS